000
00302nam a22001337a 4500
008
170908b xxu||||| |||| 00| 0 eng d
020
_a
9780073379777
041
_a
eng
080
_2
12 ED
_a
91
100
_a
42
101
_a
GEO
245
_a
GLOBAL STUDIES AFRICA
_c
KRABCHER.TH
942
_2
udc
_c
BK
999
_c
26793
_d
26793